000 00452nam a2200181 a 4500
001 1764920667433
003 ACL
005 20251205131612.0
008 251205s2008##################000#0#eng##
020 _a9780747593072
082 0 4 _a629.4109045
_bBRZ
100 1 _aBrzezinski, Matthew,
_eauthor.
245 1 0 _aRed Moon Rising :
260 _bBloomsbury Paperbacks,
_c2008.
650 0 _aSpace race.
942 _cENGLISH
040 _aACL
_beng
_cACL
999 _c600349
_d600349